000 01104nam a22002177a 4500
003 AM-YEHGA
005 20250617164119.0
008 211007s ||||| |||| 00| 0 rus d
040 _aAM-YeHGA
041 0 _arus
110 1 _aРСФСР.
_bМинистерство коммунального хозяйства
245 1 0 _aТехнические условия на производство и приемку общестроительных и специальных работ при капитальном ремонте жилых домов :
_bУтв. 26/IV 1960 г. /
_cМ-во коммун. хозяйства РСФСР
250 _a2-е изд., без изм.
260 _aМосква :
_bИзд-во М-ва коммун. хозяйства РСФСР,
_c1962.
300 _a327 с. :
_bил.
653 0 _aРемонтно-строительные работы - Технические условия
653 0 _aЖилые здания - Капитальный ремонт - Технические условия
942 _2udc
_cBK
001 1794407
090 _c521713
999 _c518159
_d518159